| 000 | 00392nam a22001457a 4500 | ||
|---|---|---|---|
| 082 |
_a621.815 _bBLA _cL-12, P-46 |
||
| 100 |
_aH. Black, Paul _942001 |
||
| 245 |
_aMachine design _cPaul H. Black |
||
| 250 | _a2nd Edition | ||
| 260 |
_aAmerica _bMcGraw-Hill Book Company _c1955 |
||
| 300 | _avii, 471.p: | ||
| 526 |
_a0 _b0 _c0 _d621_815000000000000_BLA |
||
| 650 |
_aMCE _9379 |
||
| 942 |
_2ddc _cBK |
||
| 999 |
_c546007 _d546007 |
||